000 01368nam a2200337 i 4500
003 DO-SdBNP
005 20250711145018.0
007 ta
008 250711b1995 dr b | |||| 00| 0 spa d
040 _aDO-SdBNP
_bspa
_cBNPHU
_erda
041 _aspa
082 _axxx
_bxxx
_222
110 1 _aRepública Dominicana :
_bInstituto Nacional de Recursos Hidráulicos (INDRHI) /
_cpresentación Francisco T. Rodríguez
_965142
245 1 0 _aDistritos de riego de la República Dominicana /
_b
_ccompilador, Orlando Ramírez
264 1 _aSanto Domingo :
_bINDRHI,
_bPROMAF,
_c1995.
300 _a208 páginas
_bmapas
_c28 cm.
336 _atexto
_btxt
_2rdacontent
337 _asin mediación
_bn
_2rdamedia
338 _avolumen
_bnc
_2rdacarrier
500 _aIncluye datos biografícos del compilador en la contraportada.
590 _aInventariado, 2025/ YL
700 1 _aRamírez, Orlando
_ecompilador
_4com.
_92670
_qOrlando Manuel Ramirez Montero
700 1 _aMedrano, Horacio
_ecolaborador
_4col.
_988321
700 1 _aSantos, Franklin
_ecolaborador
_4col.
_988322
700 1 _aPolanco, Ileana
_ecolaboradora
_4col.
_988323
700 1 _aSirett, Esthefani
_ecolaboradora
_4col.
_988324
700 1 _aParras, Manuel
_ecolaborador
_4col.
_975380
710 1 _aCentro de Planificación y Acciòn Ecuménica (CEPAE)
_985101
910 _aYLockward
942 _2ddc
_cLBS1
999 _c59515
_d59515